00586 a2200169 450000500170000000800410001701000140005802000230007203500130009503700180010808200100012610000200013624500680015626000510022427001160027530000250039120080912160442.0080912t xxu||||| |||| 00| 0 eng d aENG-87766 c298.00a8183184243 aEN-71299 bD.B.Act / Pub a332.6 aAvadhani, V. A. aSecurities analysis and porfolio managementcby V. A. Avadhani aMumbaibHimalaya Publishing Housec2007 (repr) a"Ramdoot", Dr. Bhalerao Marg, (Kelewadi), GirgaonbMumbaie400 004k022-23860170, 022-23863863mhimpub@vsnl.com a582 p.c24 cm. (Pbk)